• 首页
  • 本馆介绍
  • 公告通知
  • 最新文献
  • 馆藏检索
  • 电子资源
  • 读者导购
  • 参考咨询
  • 我的图书馆
  • 登录
  • 详细信息显示
  • 放入我的书架
  • 预约/预借图书
  • 作者相关作品
  • 分类相关作品
  • 丛书相关作品
  • 出版社相关作品

书目信息

  • 表格格式
  • 工作单格式
  • 卡片格式
题名:
城市绿地系统规划
    
 
作者: 孔祥锋 主编
分册:  
出版信息: 北京   化学工业出版社  2009.08
页数: 158页
开本: 26cm
丛书名:
单 册:
中图分类: TU985.12
科图分类:
主题词: 城市绿地--系统规划--高等教育--教材 , 城市绿地 , 系统规划
电子资源:
ISBN: 978-7-122-05669-6
000 00948nam0 2200265 450
001 010010010518
005 20140312163452.34
010    @a978-7-122-05669-6@dCNY23.00
100    @a20090908d2009 em y0chiy0110 ea
101 0  @achi
102    @aCN@b110000
105    @aak z 000yy
106    @ar
200 1  @a城市绿地系统规划@9cheng shi lu^ di xi tong gui hua@f孔祥锋主编
210    @a北京@c化学工业出版社@d2009.08
215    @a158页@c图@d26cm
300    @a普通高等教育“十一五”规划教材 园林园艺系列
330    @a本书结合城市规划、景观生态学、社会学、心理学等相关学科知识,详细论述了绿地系统的国内外研究、城市绿地系统规划理论与方法以及各类绿地的规划设计等,内容上分为绪论、总论、分论、案例四部分。
606 0  @a城市绿地@x系统规划@x高等教育@j教材
606 0  @a城市绿地
606 0  @a系统规划
690    @aTU985.12@v4
701  0 @a孔祥锋@9kong xiang feng@4主编
801  0 @aCN@bRENTIAN@c20100325
905    @b799309-13@dTU985.12@e646@f5
    
    城市绿地系统规划/孔祥锋主编.-北京:化学工业出版社,2009.08
    158页:图;26cm
    普通高等教育“十一五”规划教材 园林园艺系列
    
    ISBN 978-7-122-05669-6:CNY23.00
    本书结合城市规划、景观生态学、社会学、心理学等相关学科知识,详细论述了绿地系统的国内外研究、城市绿地系统规划理论与方法以及各类绿地的规划设计等,内容上分为绪论、总论、分论、案例四部分。
●
相关链接 在E读中查询图书 在五车中查询图书 在当当中查询图书 在豆瓣中查询图书


正题名:城市绿地系统规划     索取号:TU985.12/646         预约/预借

序号 登录号 条形码 馆藏地/架位号 状态 备注
1 799309   207993091   第二样本阅览室/ [索取号:TU985.12/646] 在馆    
2 799310   207993108   第三借阅区/ [索取号:TU985.12/646] 在馆    
3 799311   207993117   第三借阅区/ [索取号:TU985.12/646] 在馆    
4 799312   207993126   第三借阅区/ [索取号:TU985.12/646] 在馆    
5 799313   207993135   第三借阅区/ [索取号:TU985.12/646] 在馆    
唐山师范学院图书馆 欢迎您!
大连网信软件有限公司© 版权所有